Online
Catalog

Un latido en el bosque / (Record no. 10952)

MARC details
000 -CABECERA
campo de control de longitud fija 00993nam a2200265 a 4500
001 - NÚMERO DE CONTROL
campo de control 000011233
005 - FECHA Y HORA DE LA ÚLTIMA TRANSACCIÓN
campo de control 20260304092050.0
008 - DATOS DE LONGITUD FIJA--INFORMACIÓN GENERAL
campo de control de longitud fija 091015s2000 dr a 001 p spa d
020 ## - NÚMERO INTERNACIONAL ESTÁNDAR DEL LIBRO
Número Internacional Estándar del Libro 9993443034
040 ## - FUENTE DE LA CATALOGACIÓN
Centro catalogador/agencia de origen DO-SdBNP
Lengua de catalogación spa
Centro/agencia transcriptor BNPHU
082 ## - NÚMERO DE LA CLASIFICACIÓN DECIMAL DEWEY
Número de clasificación RD861.44
Número de documento/Ítem T266u
100 1# - ENTRADA PRINCIPAL--NOMBRE DE PERSONA
Nombre de persona Tejada, Yki,
Fechas asociadas al nombre 1961-
9 (RLIN) 26796
245 10 - MENCIÓN DE TÍTULO
Título Un latido en el bosque /
Mención de responsabilidad, etc. Yki Tejada; presentación Milagros Ortiz Bosch.
260 ## - PUBLICACIÓN, DISTRIBUCIÓN, ETC.
Lugar de publicación, distribución, etc. Santo Domingo, :
Nombre del editor, distribuidor, etc. Secretaría de Estado de Educación y Cultura,
Fecha de publicación, distribución, etc. 2000.
300 ## - DESCRIPCIÓN FÍSICA
Extensión 107 p. :
Otras características físicas il ;
Dimensiones 22 cm.
490 1# - MENCIÓN DE SERIE
Mención de serie Premios Nacionales
500 ## - NOTA GENERAL
Nota general Incluye datos biográficos del autor en la solapa de la cubierta
586 ## - NOTA DE PREMIOS
Nota de premios Premio Nacional de Poesía 1998-1999, Salomé Ureña de Henríquez
590 ## - NOTA LOCAL (RLIN)
Nota local Inventariado, 2019/LP
650 #0 - PUNTO DE ACCESO ADICIONAL DE MATERIA--TÉRMINO DE MATERIA
Término de materia o nombre geográfico como elemento de entrada Poesía dominicana
9 (RLIN) 66
650 #0 - PUNTO DE ACCESO ADICIONAL DE MATERIA--TÉRMINO DE MATERIA
Término de materia o nombre geográfico como elemento de entrada Literatura dominicana.
9 (RLIN) 67
700 1# - PUNTO DE ACCESO ADICIONAL--NOMBRE DE PERSONA
Nombre de persona Ortiz Bosch, Milagros, 1936-
Término indicativo de función/relación presentació
9 (RLIN) 26797
830 #0 - PUNTO DE ACCESO ADICIONAL DE SERIE-TÍTULO UNIFORME
Título uniforme Premios Nacionales
9 (RLIN) 718
910 ## - DATOS DE OPCIÓN DEL USUARIO (OCLC)
Datos de opción del usuario Validado. Control de calidad MMOLINA
Holdings
Estado de retiro Estado de pérdida No para préstamo Código de colección Localización permanente Ubicación/localización actual Ubicación en estantería Fecha de adquisición Número de inventario Total de préstamos Signatura topográfica completa Código de barras Fecha visto por última vez Número de copia Precio válido a partir de Tipo de ítem Koha Restricciones de uso
    Excluido de préstamo Dominicana de Servicio General General Depósito 19.10.2009 LF1   RD861.44 T266u 11233-30 25.06.2020 e. 3 25.06.2020 Libro y Folleto Colección Dominicana de Servicio  
    Excluido de préstamo Patrimonio Dominicano Patrimonio Dominicano Patrimonio Dominicano Depósito 19.10.2009 LF1   RD861.44 T266u 11233-10 25.06.2020   25.06.2020 Libro y Folleto Colección Patrimonio Dominicano  
    Préstamo restrigido Patrimonio Dominicano Patrimonio Dominicano Patrimonio Dominicano Depósito 19.10.2009 LF1   RD861.44 T266u 11233-20 25.06.2020 e. 2 25.06.2020 Libro y Folleto Colección Patrimonio Dominicano Préstamo restringido

Powered by Koha